000
00279 a2200145 4500
001
172037
020
_a
040
_c
Magnum
100
_a
-
240
1
0
_a
Cristo foi seu norte
_l
por
245
1
0
_a
Cristo foi seu norte
362
0
_a
1899
697
_a
RELIGIAO
942
_c
BK
999
_c
172037
_d
172037